00506 2200193 4500001002100000005001500021035002000036245003300056100001100089250002000100300005000120856003600170700002100206260003000227082001000257084001600267020001800283600001100301INLIS00000000000122320200701110148 a0010-07200000061 aMistisisme Tengger /cSuyono0 aSuyono aCetakan Pertama ax + 369 hlm :bilustrasi ; Ada ;c14,5 x 21cm aPerpustakaan Umum Kota Makassar0 aEditor : Ramelan aYogyakarta :bLKiS,c2009 a398.2 a398.2 SUY m a979-1283-82-6 4aSuyono